Statistics for Top 16 Harry Potter Characters By Mentions

Click here to take the quiz!

General Stats

  • This quiz has been taken 222 times
  • The average score is 14 of 15

Answer Stats

MentionsAnswer% Correct
18,956Harry Potter
100%
6,464Ron Weasley
100%
2,421Albus Dumbledore
99%
5,486Hermione Granger
99%
920Fred Weasley
95%
821George Weasley
95%
771Ginny Weasley
95%
1,956Severus Snape
95%
1,471Sirius Black
94%
1,797Voldemort
94%
864Remus Lupin
92%
2,024Rubeus Hagrid
92%
1,198Draco Malfoy
90%
810Neville Longbottom
89%
780Arthur Weasley
82%

Score Distribution

Percentile by Number Answered

Percent of People with Each Score

Your Score History

You have not taken this quiz